Normal view
MARC view
- Amuzgo
Entry Materia
001 - NÚMERO DE CONTROL DEL REGISTRO
- campo de control: 4333
003 - IDENTIFICADOR DE NUMERO DE CONTROL
- campo de control: UPN
005 - FECHA Y HORA DE LA ÚLTIMA TRANSACCIÓN
- campo de control: 20230517104743.0
008 - DATOS DE LONGITUD FIJA
- campo de control de longitud fija: 230202nn fnnnnbaba | |na |d
035 ## - NÚMERO DE CONTROL DEL SISTEMA
- Número de control del sistema: UPN10000004333
040 ## - FUENTE DE LA CATALOGACIÓN
- Lengua de catalogación: spa
- Centro catalogador de origen: MX-MxUPN
046 ## - FECHAS CON CODIFICACIÓN ESPECIAL
- Fecha final para contenidos agregados: 2023
150 ## - ENCABEZAMIENTO - TEMÁTICO
- Término de materia o nombre geográfico como elemento inicial: Amuzgo
- Subdivisión de materia general: Estudio y enseñanza (Elemental)
670 ## - FUENTE EN LA QUE SE LOCALIZARON DATOS
- Cita de la fuente: E/P
- Información localizada: Nahua - Estudio y enseñanza
902 ## - CATALOGADOR
- Catalogador: MCM/140799
